Les gardiens avec le plus de clean Sheets en ligue des champions. - Statistiques

Statistiques générales
  • Ce quiz a été pris 113 fois
  • Le résultat moyen est 9 sur 10
Statistiques - réponses
Clean
Sheets
Gardiens Clubs % Correct
53 Gianluigi Buffon ParmeJuve PSG Juve
99%
61 Manuel Neuer SchalkeBayern
99%
59 Iker Casillas RealPorto
95%
35 Jan Oblak Atletico
89%
33 Ederson BenficaMan City
88%
49 Petr Cech Sparta PragueChelsea Arsenal
86%
45 Victor Valdes Barça
84%
34 Oliver Kahn Bayern
81%
51 Edwin Van Der Sar AjaxJuve Man United
72%
35 Dida Milan
67%
Aucun quiz correspondant
Distribution des résultats
% des personnes avec chaque résultat
Percentile par nombre de réponses
Votre historique - résultats
Vous n’avez pas pris ce quiz